000 00684nam a2200241Ia 4500
005 20260430150436.0
008 008 250103s9999 xx 000 0 eng d
037 _aTheses
040 _aCRL
040 _beng
040 _ceng
041 _2eng
041 _aeng
084 _qCRL
100 _aSufiya Au.; Rajput Namita Gu.
_91237515
245 0 _aEmpirical Study on Dynamic Linkages of Global Regional Integration (Nafta & Brics) Stock Market Indices
260 _c2023
300 _a183p.
650 _aCommerce
700 _aUniversity of Delhi. Faculty of Commerce and Business Studies. Deptt. of commerce
_91237511
942 _cTH
999 _c1849787
_d1849787